Сочинения Глеба Успенского (Запись № 5534635)

Подробности
000 -МАРКЕР
контрольное поле 02663nam0a22003011 4500
001 - ИДЕНТИФИКАТОР ЗАПИСИ
контрольное поле v19\rc\1421055
005 - ИДЕНТИФИКАТОР ВЕРСИИ
контрольное поле 20260406072410.0
035 ## - ДРУГИЕ СИСТЕМНЫЕ НОМЕРА
Идентификатор записи (NLR Aleph) 005223969
100 ## - ДАННЫЕ ОБЩЕЙ ОБРАБОТКИ
Данные общей обработки 20060512g18831886|||y0rusy50 ca
101 0# - ЯЗЫК РЕСУРСА
Язык текста, звукозаписи и т.д. русский
102 ## - СТРАНА ПУБЛИКАЦИИ ИЛИ ПРОИЗВОДСТВА
Страна публикации Российская Федерация
105 ## - ПОЛЕ КОДИРОВАННЫХ ДАННЫХ: ТЕКСТОВЫЕ МАТЕРИАЛЫ, МОНОГРАФИЧЕСКИЕ
Кодированные данные о монографическом текстовом документе y z |||||
200 1# - ЗАГЛАВИЕ И СВЕДЕНИЯ ОБ ОТВЕТСТВЕННОСТИ
Основное заглавие Сочинения Глеба Успенского
Сведения, относящиеся к заглавию Т. 1-8
210 ## - ПУБЛИКАЦИЯ, РАСПРОСТРАНЕНИЕ И ДР.
Место издания, распространения и т.д. Санкт-Петербург
Имя издателя, распространителя и т. д. Ф. Павленков
Дата издания, распространения и т.д. 1883-1886
215 ## - ФИЗИЧЕСКАЯ ХАРАКТЕРИСТИКА
Специфическое обозначение материала и объем 8 т.
Размеры 22
300 ## - ОБЩИЕ ПРИМЕЧАНИЯ
Текст примечания На обл. т. 3: № 131
316 ## - ПРИМЕЧАНИЯ ОБ ОСОБЕННОСТЯХ ЭКЗЕМПЛЯРА
Текст примечания Экз. РНБ (18.168.7.12(1-8)): деф.: В т. 6 стр. 353-368 отсутствуют
Организация и экземпляр, к которому относится поле NLR: 18.168.7.12(1-8)
327 1# - ПРИМЕЧАНИЯ О СОДЕРЖАНИИ
Текст примечания Содерж.: Т. 1. 1. Нравы Растеряевской улицы. 2. Растеряевские типы и сцены. 3. Столичная беднота. Т. 2. Разоренье. Т. 3. Новые времена, новые заботы. Т. 4. Сборник очерков и рассказов: (За разные годы). Т. 5. 1. Из деревенского дневника. 2. Непорванные связи; Овца без стада. Т. 6. 1. Малые ребята. 2. Очерки, рассказы, письма. 3. Бог грехам терпит. 4. Волей-не волей. Т. 7. 1. Крестьянин и крестьянский труд. 2. Власть земли. 3. Без своей воли. 4.
464 #0 - АНАЛИТИЧЕСКИЙ УРОВЕНЬ
Встроенное поле 2001#$aНравы Растеряевской улицы$aРастеряевские типы и сцены$aСтоличная беднота$aРазоренье$aНовые времена, новые заботы$aСборник очерков и рассказов$e(За разные годы)$aИз деревенского дневника$aНепорванные связи$aОвца без стада$aМалые ребята$aОчерки, рассказы, письма$aБог грехам терпит$aВолей-не волей$aКрестьянин и крестьянский труд$aВласть земли$aБез своей воли$aИз разговоров с приятелями$aНе случись$aПришло на память$aСкучающая публика$aЧерез пень колоду$aОчерки
Заглавие Очерки
700 #1 - ИМЯ ЛИЦА - ПЕРВИЧНАЯ ОТВЕТСТВЕННОСТЬ
Материалы, к которым относится поле rus
Графика поля Кириллица
Начальный элемент ввода Успенский
Часть имени, кроме начального элемента ввода Г. И.
Дополнения к именам, кроме дат писатель
Даты 1843-1902
Расширение инициалов личного имени Глеб Иванович
Идентификатор авторитетной/нормативной записи RU\NLR\AUTH\7729988
Системный номер авторитетной/нормативной записи 13015
801 #2 - ИСТОЧНИК ЗАПИСИ
Страна Российская Федерация
Организация NLR
Дата составления 20080118
Источник данных rusmarc
801 #0 - ИСТОЧНИК ЗАПИСИ
Страна Российская Федерация
Организация NLR
Дата составления 20060512
Правила каталогизации psbo
801 #0 - ИСТОЧНИК ЗАПИСИ
Страна Российская Федерация
Организация RuMoRGB
Дата составления 20060512
Источник данных psbo
801 #1 - ИСТОЧНИК ЗАПИСИ
Страна Российская Федерация
Организация ProSoft-M
Дата составления 20060512
Источник данных rusmarc
852 ## - МЕСТОНАХОЖДЕНИЕ И ШИФР ХРАНЕНИЯ
Идентификатор организации NLR
Шифр хранения (Call Number) 18.168.7.12(1-8)
942 ## - ДОПОЛНИТЕЛЬНЫЕ ЭЛЕМЕНТЫ ЗАПИСИ (АБИС)
Тип экземпляра АБИС Книга
980 ## - КОЛЛЕКЦИЯ
Название коллекции Национальная библиография
Экземпляры
Тип экземпляра Дата поступления Библиотека постоянного хранения Библиотека текущего хранения Место хранения Шифр хранения Штрих-код Статус экземпляра
Книга 26.10.2013 РНБ (Садовая) РНБ (Садовая) ЗОФ Главное здание 18.168.7.12(1-8) 5223969-10